Countries with best HDI - Statistics

General Stats
  • This quiz has been taken 13 times
  • The average score is 13 of 15
Answer Stats
Hint Answer % Correct
15 United Kingdom
100%
11 United States of America
100%
2 Australia
92%
10 Canada
92%
5 Denmark
92%
9 Iceland
92%
8 Ireland
92%
1 Norway
92%
13 Sweden
92%
4 Germany
83%
7 Netherlands
83%
12 New Zealand
83%
3 Switzerland
83%
6 Singapore
58%
14 Liechtenstein
50%
No matching quizzes found
Score Distribution
Percent of People with Each Score
Percentile by Number Answered
Your Score History
You have not taken this quiz